worlds hardest nrl quiz - Statistics

General Stats
  • This quiz has been taken 474 times
    473 since last reset
  • The average score is 2 of 9
Answer Stats
Hint Answer % Correct
what team cheated and lost all there premierships storm
70%
in witch year did nathan gardner break his leg 2012
65%
whos one the most premierships rabbitohs
63%
which player in 2010 came back to the dragons for one year after retireing mark gasnier
12%
which mannah died this year john mannah
10%
how many tattos does todd carney have 9
8%
who was the halfback from rooster and in the blues side mitchel pearce
7%
what guy went from dragons to sharks in 2012 jeremy smith
3%
top 2 try scorers in 2012 ben barba and ashley graham
2%
No matching quizzes found
Score Distribution
Percent of People with Each Score
Percentile by Number Answered
Your Score History
You have not taken this quiz since the last reset